Can you name all the Alolan Pokémon? - Statistics

General Stats
  • This quiz has been taken 9 times
  • The average score is 13 of 18
Answer Stats
Type Answer % Correct
Electric / Psychic Raichu
100%
Grass / Dragon Exeggutor
83%
Electric / Rock Geodude
83%
Electric / Rock Golem
83%
Electric / Rock Graveler
83%
Ice / Steel Sandshrew
83%
Ice / Steel Sandslash
83%
Ground / Steel Diglett
67%
Ground / Steel Dugtrio
67%
Dark / Poison Grimer
67%
Fire / Ghost Marowak
67%
Dark Meowth
67%
Dark / Poison Muk
67%
Ice / Fairy Ninetales
67%
Dark Persian
67%
Dark / Normal Raticate
67%
Dark / Normal Rattata
67%
Ice Vulpix
67%
No matching quizzes found
Score Distribution
Percent of People with Each Score
Percentile by Number Answered
Your Score History
You have not taken this quiz